[Event "FIN-ch 2018"]
[Site "Helsinki"]
[Date "2018.06.12"]
[Round "2"]
[White "Keinanen, Toivo"]
[Black "Niemi, Kalle"]
[Result "1-0"]
[WhiteElo "2341"]
[BlackElo "2336"]
[Annotator "TA"]
[PlyCount "195"]
[EventDate "2018.06.13"]
[EventType "tourn"]
[EventCountry "FIN"]
[SourceTitle "playchess.com"]
[Source "ChessBase"]
[SourceQuality "1"]

{[%evp 9,195,8,14,24,15,1,8,6,12,10,10,0,11,4,8,-7,2,0,0,0,18,14,17,-10,27,25,53,52,61,26,26,22,36,31,27,25,22,0,-2,0,5,0,40,20,85,34,45,31,30,38,102,107,187,111,160,130,126,128,134,118,148,133,128,132,130,135,140,126,126,0,128,133,138,136,132,125,133,133,135,122,143,133,139,138,139,133,133,139,139,110,142,144,134,128,139,133,129,121,138,138,138,138,159,159,159,159,159,159,206,206,206,206,206,206,203,203,203,203,202,195,200,190,180,185,168,138,206,197,209,200,209,0,209,170,260,237,289,291,361,343,354,354,354,327,361,361,5073,361,361,361,908,361,361,361,361,361,361,354,354,354,354,344,353,353,525,320,1862,1821,1326,1351,6075,1368,5639,5627,29976,29977,29977,29978,29978,29979,29979,29980,29980,29980,29980,29981,29980,29981]} 1. c4 e6 2. Nf3 d5 3. g3 Nf6 4. Bg2 dxc4 5. Qa4+ Bd7 6. Qxc4 {A13: English Opening: 1...e6} c5 7. Ne5 Qc8 8. Qd3 {The position is equal.} Nc6 (8... Bc6 {is more complex.} 9. Nxc6 Nxc6 10. O-O Be7 11. Nc3 O-O) 9. Nxd7 Nxd7 10. Nc3 a6 11. Qc2 Be7 12. Qa4 Nd4 (12... b5 {seems wilder.} 13. Qe4 Ndb8 14. O-O O-O 15. Qb1 Rd8) 13. O-O O-O {[#]} 14. d3 $146 b5 15. Qd1 Ra7 16. Bd2 Ne5 17. Rc1 Qd7 18. Ne4 Rc8 19. Ba5 f5 20. Nd2 Qe8 21. Bc3 Rd7 22. Nb3 Ndc6 23. Na5 Nxa5 24. Bxe5 Nc6 25. Bc3 Bd6 26. a4 Re7 (26... c4 $11 {remains equal.}) 27. axb5 (27. d4 $16) 27... axb5 $14 28. Qb3 b4 29. Bxc6 Qxc6 {[#]} ({Black should try} 29... Rxc6 $14 30. Bd2 Ra7) 30. Bxb4 $1 $16 {[%mdl 512]} Kh8 {[#]} (30... Qa6 $16) (30... cxb4 31. Rxc6) 31. Ba3 (31. Bxc5 $1 $18 {[%mdl 512]} Bxc5 32. d4 $1 {[%mdl 512]}) 31... e5 32. Rc4 Rec7 33. Rfc1 Qe8 34. Qa4 Qd8 35. Qd1 h6 36. Qf1 Qf6 37. Qg2 Qe6 38. Qh3 Qg6 39. Qg2 Qe6 40. Qf3 Kh7 41. Kh1 Kh8 42. Ra4 Bf8 43. Kg1 Kg8 44. Rcc4 Kh8 45. Rc3 Kg8 46. Rac4 Bd6 47. Qe3 Qe7 48. Qc1 Kh8 49. b3 Kg8 50. Rc2 Kh8 51. Qe3 Kg8 52. Qf3 Qe6 53. Kg2 Kh8 54. b4 cxb4 55. Rxc7 Rxc7 56. Rxc7 Bxc7 57. Bxb4 e4 58. dxe4 fxe4 59. Qf8+ Kh7 {[#]} 60. Bc3 $1 {[%csl Gc3][%cal Rf8g7]} Qg6 61. Qe7 Bd6 62. Qd7 Bf8 63. Bd4 Bb4 64. Be5 Bf8 65. Bc3 Ba3 66. h3 Bf8 67. Qd5 Bd6 (67... h5 $16 {was called for.} 68. Qd7 Ba3) 68. g4 $18 Bf8 69. Bd4 Ba3 70. Bc3 Bf8 $1 71. Bb2 Qe8 (71... Be7 {was worth a try.} 72. Be5 Bh4) 72. Qf5+ Kh8 73. Be5 Qa8 74. e3 Kg8 75. Qe6+ Kh7 76. Qf7 Kh8 77. h4 Qd8 $2 {[#]} (77... Qc8 78. Kg3 Qd8) 78. Kg3 $2 (78. g5 $1 {[%mdl 512] Intending gxh6 and mate.} Kh7 (78... hxg5 79. Qh5+) 79. Qf5+ Kg8 80. gxh6) 78... Kh7 79. Qf5+ Kh8 $2 (79... Kg8 80. Qe6+ Kh7) 80. Qg6 $2 (80. g5) 80... Kg8 81. Qxe4 Qd1 82. Kg2 Qd7 83. Qc4+ Kh8 84. Qf4 Kg8 85. Qf5 Qd5+ 86. e4 {[%cal Be3e4,Be4d5][%mdl 32]} Qd3 (86... Qc4 {is a better defense.} 87. h5 Qc6) 87. Bb2 Qd1 $2 (87... Qc2 88. Qe6+ Kh7) 88. Qd5+ Qxd5 89. exd5 {[%mdl 4096] Endgame KB-KB} g6 90. Kf3 (90. h5 $142 Kf7 91. hxg6+ Kxg6 92. Be5) 90... Kf7 91. h5 gxh5 92. gxh5 {White mates.} Bc5 93. Be5 Bb6 94. Kg3 Bc5 95. f3 Bb4 96. Kg4 Bc5 97. Kf5 Bb4 98. Bc7 {Precision: White = 70%, Black = 40%.} 1-0

[Event "FIN-ch 2018"]
[Site "Helsinki"]
[Date "2018.06.12"]
[Round "2"]
[White "Nyysti, Sampsa"]
[Black "Sammalvuo, Tapani"]
[Result "1/2-1/2"]
[WhiteElo "2322"]
[BlackElo "2435"]
[Annotator "TA"]
[PlyCount "102"]
[EventDate "2018.06.13"]
[EventType "tourn"]
[EventCountry "FIN"]
[SourceTitle "playchess.com"]
[Source "ChessBase"]
[SourceQuality "1"]

{[%evp 20,102,33,38,26,27,19,24,19,24,43,25,38,39,52,43,60,40,42,43,31,39,41,0,0,0,0,0,0,0,5,0,0,0,0,0,0,-8,0,0,0,0,0,0,0,0,0,0,0,0,0,-5,0,0,0,0,0,0,0,0,0,0,0,0,0,0,0,0,0,-13,-13,-13,-13,-13,-13,-13,-13,-13,-13,-13,0,0,0,0,0]} 1. e4 c5 2. Nf3 e6 3. d4 cxd4 4. Nxd4 Nc6 5. Nc3 Qc7 6. Be3 a6 7. Qf3 {B48: Sizilianisch (Paulsen-Variante)} Bd6 (7... Nf6 8. O-O-O Ne5 9. Qg3 b5 10. a3 Bb7 11. Bxb5 Rc8 12. Ba4 Nxe4 13. Nxe4 Bxe4 14. Bf4 Qc4 15. Bxe5 Qxa4 {1-0 (38) Vachier Lagrave,M (2789)-Anand,V (2776) Karlsruhe/Baden-Baden 2018}) 8. O-O-O Be5 9. Nxc6 bxc6 10. Bd4 Bxd4 11. Rxd4 {LiveBook: 15 Partien} Nf6 12. Qg3 Qxg3 13. hxg3 d5 14. f3 Ke7 15. g4 $146 g5 16. Ra4 a5 17. Ra3 Ba6 18. Rxa5 (18. Bxa6 {with more complications.} Rxa6 19. Rb3 Ra7 20. exd5 cxd5 21. Nb5) 18... Bxf1 19. Rxa8 Rxa8 20. Rxf1 dxe4 $14 {[%mdl 4096] Endspiel KTS-KTS} 21. Rd1 exf3 {Die Stellung ist ausgeglichen.} 22. gxf3 Nd5 23. Nxd5+ cxd5 $11 {KT-KT} 24. a3 Ra4 25. Kd2 h5 26. gxh5 {Droht b4 und aus.} Rh4 27. Ke3 Rxh5 28. b4 g4 29. a4 Rh3 30. Rf1 Kd6 31. a5 Kc6 32. Kf4 gxf3 33. Rxf3 Rh4+ 34. Ke3 Rxb4 {[#] Und ...f5 würde nun gewinnen.} 35. Rxf7 Ra4 36. Re7 Ra3+ 37. Kd2 Kd6 38. Ra7 Ke5 39. a6 Ke4 40. Ke2 Ra2 41. Kd2 d4 42. Ra8 d3 43. Rc8 dxc2 44. Rxc2 Rxa6 45. Ke2 e5 46. Rc4+ Kf5 47. Rb4 $1 Ra3 48. Rc4 Rh3 49. Ra4 e4 {Schwarz will ...Kf4 spielen.} 50. Ra8 Rh2+ 51. Ke3 Rh3+ {Precision: Weiß = 80%, Schwarz = 63%.} 1/2-1/2

[Event "FIN-ch 2018"]
[Site "Helsinki"]
[Date "2018.06.12"]
[Round "2"]
[White "Jarvenpaa, Jari"]
[Black "Karttunen, Mika"]
[Result "1/2-1/2"]
[WhiteElo "2310"]
[BlackElo "2466"]
[Annotator "TA"]
[PlyCount "156"]
[EventDate "2018.06.13"]
[EventType "tourn"]
[EventCountry "FIN"]
[SourceTitle "playchess.com"]
[Source "ChessBase"]
[SourceQuality "1"]

{[%evp 15,156,20,52,11,27,9,19,3,34,31,28,25,32,16,42,41,60,41,44,18,41,2,30,-2,0,5,43,11,30,32,50,44,58,43,62,45,75,51,80,14,16,14,18,8,10,8,14,15,26,10,18,0,0,0,0,2,12,12,10,12,54,12,19,9,19,12,19,19,22,22,27,19,26,0,32,33,41,24,42,17,35,6,10,9,16,16,15,0,4,6,16,14,20,14,20,15,20,22,24,0,52,52,52,18,52,0,52,52,52,17,52,52,52,52,52,18,18,18,18,18,52,18,52,0,52,18,18,0,0,0,0,0,0,0,0,0,0,0,0,0,0,0,0]} 1. d4 d5 2. Nf3 e6 3. g3 f5 4. Bg2 Nf6 5. O-O Bd6 6. c4 c6 7. b3 Qe7 8. Bb2 Nbd7 9. Qc1 {A90: Dutch Defence: Miscellaneous and Modern Stonewall (with ...Bd6)} Ne4 10. Ba3 (10. Ne5 {is interesting.} Nxe5 11. dxe5 Bc5 12. e3 O-O 13. f3) 10... Bxa3 11. Qxa3 Qxa3 12. Nxa3 a5 $146 ({Predecessor:} 12... Ndf6 13. Ne5 {½-½ (13) Michel Yunis,C (2373)-Roselli Mailhe,B (2426) Buenos Aires 2001}) 13. Rfc1 Ke7 14. e3 Nd6 15. Bf1 Nf7 16. Nc2 {[%cal Ba3c2,Bc2e1,Be1d3][%mdl 32]} g5 17. cxd5 exd5 18. h3 Nf8 19. Nce1 Ng6 20. Nd3 Kf6 21. Re1 h5 22. h4 gxh4 23. Nxh4 Nxh4 24. gxh4 Be6 25. f3 Rhg8+ 26. Kf2 Nh8 27. Nf4 ({White should try} 27. Be2 $16) 27... Ng6 $11 28. Nxh5+ Kf7 29. Bd3 Rh8 30. Ng3 {[#] h5 is the strong threat.} Nxh4 31. Rh1 Kf6 32. f4 Rag8 33. Rh3 Ng6 34. Nh5+ Kf7 35. Rah1 Ne7 36. Ng3 Rxh3 37. Rxh3 Ke8 38. Ne2 Nc8 39. Rh6 Bd7 40. Ng1 Ke7 41. Rh7+ Ke8 42. Nf3 {Hoping for Ne5.} Nd6 43. Ne5 Be6 44. Nf3 (44. a4 {is more complex.} Kf8 45. Ke1 Rg2 46. Kd1 Bc8 47. Rh8+) 44... Bd7 45. Ng5 Kd8 46. Ke2 Bc8 47. Kd2 Bd7 48. Kc3 Re8 49. Rh3 Kc7 50. Kd2 Re7 51. Ke2 b6 52. Rh1 Bc8 (52... a4 $5) 53. Nf3 Bd7 54. Ne5 Rg7 55. Kf2 Bc8 56. a3 {[%cal Ba2a3,Ba3b4][%mdl 32]} Bd7 57. b4 axb4 (57... a4 $1 $11) 58. axb4 $14 b5 59. Ra1 Bc8 60. Rh1 (60. Rc1 $14 Bd7 61. Rh1) 60... Bb7 (60... Bd7 $1 $11) 61. Rh8 Bc8 62. Nf3 Re7 63. Rh6 Bd7 64. Ne5 Bc8 65. Kg3 Rg7+ 66. Rg6 Rh7 67. Kg2 Re7 68. Rg8 Kb6 69. Rg6 (69. Rd8 $5 {[%cal Rd8d6]} Rg7+ 70. Kf3 $16) 69... Kc7 70. Rg5 Kb6 {The position is equal.} 71. Kf2 Ra7 72. Rg6 Ra2+ $1 73. Ke1 Kc7 74. Rg7+ Kb6 75. Rg6 Kc7 76. Rg7+ Kb6 77. Rg6 Kc7 78. Rg7+ Kb6 {Precision: White = 37%, Black = 46%.} 1/2-1/2

[Event "FIN-ch 2018"]
[Site "Helsinki"]
[Date "2018.06.13"]
[Round "3"]
[White "Karttunen, Mika"]
[Black "Nyysti, Sampsa"]
[Result "1-0"]
[WhiteElo "2466"]
[BlackElo "2322"]
[Annotator "TA"]
[PlyCount "151"]
[EventDate "2018.06.13"]
[EventType "tourn"]
[EventCountry "FIN"]
[SourceTitle "playchess.com"]
[Source "ChessBase"]
[SourceQuality "1"]

{[%evp 23,151,0,0,0,7,17,16,23,27,0,16,14,26,10,7,6,5,4,35,24,20,13,10,12,20,7,0,0,10,9,9,9,9,6,7,9,88,90,161,154,240,237,184,27,21,27,39,40,52,44,38,33,31,34,83,0,8,20,22,8,8,8,8,8,8,8,51,52,65,72,399,416,418,288,554,535,6154,6154,6154,6154,4586,876,874,868,1204,1536,1509,1116,1575,1171,1327,954,1574,1547,1407,8,8,8,8,8,321,137,135,143,806,29,34,8,29973,29975,29982,29984,29983,29984,29984,29983,29982,29983,29990,29991,29991,29992,29995,29996,29996,29996,29996,29992,29992,29993]} 1. d4 Nf6 2. c4 e6 3. Nc3 Bb4 4. e3 O-O 5. Bd3 d5 6. Nf3 c5 7. O-O Nc6 8. a3 Bxc3 9. bxc3 dxc4 10. Bxc4 Qc7 11. h3 Rd8 {E58: Nimzo-Indian: Rubinstein: Main Line: 7...Nc6 8 a3 Bxc3} 12. Ba2 b6 {LiveBook: 4 Games} 13. Bb2 {[#]} Ba6 $146 {The position is equal.} ({Predecessor:} 13... Bb7 14. Re1 Na5 15. Rc1 h6 16. Nd2 Ne4 17. Nxe4 Bxe4 18. c4 Bb7 19. d5 {1-0 (49) Aronian,L (2768)-Naiditsch,A (2697) Mainz 2009}) 14. Re1 Na5 15. Nd2 e5 16. Nf3 exd4 17. cxd4 Bc4 18. Qc2 (18. e4 {feels hotter.} Bxa2 19. Rxa2 cxd4 20. Nxd4 Qe5 21. Qa1) 18... Bxa2 19. Rxa2 Rac8 20. dxc5 {Black must now prevent Bxf6.} Qxc5 (20... Nd7 {keeps more tension.} 21. Ng5 Nf8 22. Qf5 bxc5 23. Bc3 Nb3) 21. Qxc5 Rxc5 22. Bxf6 gxf6 23. Nd4 Nc6 24. Ne2 Rd3 25. Nf4 Rdc3 (25... Rd6 {is more complex.} 26. Ree2 Rd1+ 27. Kh2 Ne5 28. Rec2 Ra1) 26. Rd1 Rc1 27. Rxc1 Rxc1+ $11 {[%mdl 4096] Endgame KRN-KRN} 28. Kh2 Rc5 29. Rd2 Ra5 (29... Kf8 $11) 30. Rd6 $16 Ne7 (30... Rc5 $16 {was necessary.}) 31. g4 ({But not} 31. Rxf6 $6 Rxa3 32. Rd6 Ng6 $14) 31... Ng6 (31... f5 $16) 32. Rd8+ $1 $18 ({Stronger than} 32. Rxf6 Kg7 $15) 32... Nf8 33. Rd3 $2 (33. Nd5 $18) 33... f5 $11 34. g5 f6 35. h4 Kf7 36. Rd6 fxg5 37. hxg5 Rxa3 38. Rf6+ Ke8 {[#]} 39. Rxf5 (39. Nh5 $1 $16) 39... Rb3 40. Nd5 a5 41. Re5+ Kd7 42. Nf6+ Kd6 $1 {[%cal Rd6e5]} 43. Re8 Ne6 44. Nxh7 {Black should prevent g6.} a4 45. Ra8 b5 46. g6 Ke5 $2 {[%mdl 8192]} (46... a3 $16) 47. Ra7 $18 Rb2 48. Kg2 Rb4 $2 (48... Rd2 49. Nf8 Rc2) 49. f4+ Nxf4+ 50. exf4+ Rxf4 {KRN-KR} 51. Kg3 Rf1 52. Kg4 (52. g7 $142 Rg1+ 53. Kh4) 52... Rg1+ 53. Kh5 Rh1+ 54. Kg5 Rg1+ 55. Kh6 Rh1+ 56. Kg7 Kd4 57. Ng5 Kc3 58. Ne4+ Kb2 59. Kf6 $2 (59. Rb7 $18 Kc2 60. Ra7) 59... Rf1+ $1 $11 60. Ke5 Rg1 61. Kf5 {Threatens to win with g7.} Rf1+ $2 {[%mdl 8192] [#]} (61... a3 $11) 62. Kg4 $1 $18 {Hoping for g7.} Rg1+ 63. Ng3 Rc1 $2 {[%mdl 8192]} (63... Rd1 $16) 64. g7 $2 ({White should try} 64. Rb7 $18) 64... Rc8 $11 65. Rb7 (65. Ne4 $5 {[%cal Re4d6]} a3 66. Nf2 $16) 65... a3 $2 {[%mdl 8192]} (65... Rg8 $11) 66. Rxb5+ {White mates.} Kc2 {[#]} 67. Rc5+ $1 {[%mdl 512]} Rxc5 68. g8=Q Kb2 69. Qb8+ Kc2 70. Qb4 a2 71. Qxc5+ Kb2 72. Qb4+ Ka1 73. Qc3+ Kb1 74. Ne2 {[%csl Ge2][%cal Rc3c1]} a1=Q 75. Qc1+ Ka2 76. Nc3+ {Precision: White = 64%, Black = 33%.} 1-0

[Event "FIN-ch 2018"]
[Site "Helsinki"]
[Date "2018.06.13"]
[Round "3"]
[White "Agopov, Mikael"]
[Black "Sipila, Vilka"]
[Result "1-0"]
[WhiteElo "2436"]
[BlackElo "2383"]
[Annotator "TA"]
[PlyCount "85"]
[EventDate "2018.06.13"]
[EventType "tourn"]
[EventCountry "FIN"]
[SourceTitle "playchess.com"]
[Source "ChessBase"]
[SourceQuality "1"]

{[%evp 24,85,41,32,27,24,53,49,53,53,68,64,62,55,43,47,45,34,60,50,108,114,112,118,118,118,116,114,114,112,117,103,116,106,116,5,12,16,198,198,489,454,531,572,581,566,534,539,471,327,567,562,2177,1950,29976,29977,12807,6199,29985,29986,29986,29987,29988,29982]} 1. e4 d6 2. d4 Nf6 3. Nc3 e5 4. Nf3 Nbd7 5. Bc4 Be7 6. O-O O-O 7. Re1 c6 8. a4 a5 9. h3 Nb6 {C41: Philidor Defence} (9... Re8 10. Ba2 Bf8 11. Be3 Qc7 12. Ng5 Re7 13. f4 b6 14. fxe5 dxe5 15. d5 cxd5 16. exd5 {1-0 (16) Wang,H (2709)-Ivanchuk,V (2726) Huaian 2017}) 10. Bb3 Nfd7 11. Be3 exd4 12. Qxd4 Nc5 13. Rad1 {[#] LiveBook: 10 Games} Ra6 $146 ({Predecessor:} 13... Be6 14. Bxe6 fxe6 15. e5 d5 16. Qg4 Qe8 17. Nd4 {1-0 (41) Antipov,M (2529)-Shimanov,A (2594) Moscow 2015}) 14. Ba2 Be6 15. Bxe6 Nxe6 16. Qd3 Nc5 17. Bxc5 dxc5 18. Qxa6 (18. Qe3 {feels hotter.} Qc7 19. e5 Nc4 20. Qc1 Raa8 21. e6) 18... bxa6 19. Rxd8 Rxd8 20. Rd1 Rxd1+ 21. Nxd1 Nxa4 $14 {[%mdl 4096] Endgame [#] KBN-KNN} (21... Bf6 $14) 22. Ne5 $1 $16 Bf6 23. Nc4 {[%mdl 1024] White has strong compensation.} Kf8 24. Kf1 Ke8 25. Ke1 {b3 is the strong threat.} g6 26. Kd2 {And now b3 would win.} Bd8 27. Nde3 Kd7 28. Kd3 h5 29. Ne5+ (29. g3 $16) 29... Ke6 $11 30. Nxc6 Bf6 $2 {[#]} (30... Nxb2+ $11 {and Black is okay.} 31. Kc3 Bc7) 31. e5 $1 $18 {[%cal Be4e5,Be5f6][%mdl 32]} Kd7 $2 (31... Nxb2+ {was necessary.} 32. Kc3 Bh4) 32. Nb8+ ({Less strong is} 32. exf6 Kxc6 33. Nc4 Nb6 $16) 32... Kc8 33. exf6 Kxb8 {KN-KN} 34. Nc4 Kc7 35. Ke4 Kc6 36. Ke5 h4 $2 (36... Kd7 37. Kd5 Kc7) 37. g4 {[%cal Bg2g4,Bg4g5][%mdl 32]} g5 38. f4 gxf4 39. Kxf4 Kd5 40. g5 Kxc4 41. b3+ {White mates.} Kd5 42. bxa4 Ke6 43. Kg4 {Precision: White = 84%, Black = 28%.} 1-0

[Event "FIN-ch 2018"]
[Site "Helsinki"]
[Date "2018.06.13"]
[Round "3"]
[White "Sammalvuo, Tapani"]
[Black "Koykka, Pekka"]
[Result "0-1"]
[WhiteElo "2435"]
[BlackElo "2345"]
[Annotator "TA"]
[PlyCount "88"]
[EventDate "2018.06.13"]
[EventType "tourn"]
[EventCountry "FIN"]
[SourceTitle "playchess.com"]
[Source "ChessBase"]
[SourceQuality "1"]

{[%evp 19,88,18,43,41,44,48,56,54,78,79,92,40,43,8,12,-18,0,-30,1,18,1,0,7,-74,-67,-64,-77,-163,-160,-152,-184,-383,-387,-415,-411,-454,-464,-458,-420,-429,-410,-594,-302,-299,-288,-566,-429,-479,-440,-816,-787,-712,-467,-650,-633,-1004,-593,-1251,0,-766,0,-1286,-1286,-1244,-1231,-1096,-1079,-4782,-2830,-29993,-2409]} 1. d4 f5 2. g3 Nf6 3. Bg2 g6 4. Nf3 Bg7 5. O-O O-O 6. c4 d6 7. Nc3 c6 8. Rb1 Na6 9. b4 {A87: Holländische Verteidigung (Leningrader Variante)} Nc7 (9... Ne4 10. Nxe4 fxe4 11. Nd2 d5 12. b5 Nc7 13. e3 Bf5 14. bxc6 bxc6 15. Qa4 Rf6 16. Ba3 Bd7 {0-1 (73) Kramnik,V (2783)-Caruana,F (2811) Zuerich 2015}) 10. b5 Ne4 {LiveBook: 4 Partien} 11. Qc2 {Weiß steht etwas besser.} Nxc3 12. Qxc3 cxb5 13. cxb5 Kh8 14. a4 {[#]} Rb8 $146 ({Vorgänger:} 14... Bd7 15. Bf4 Nd5 16. Qb3 Be6 17. Bd2 Bg8 18. Qd3 Rc8 19. Rfe1 Nb6 {0-1 (27) Bitalzadeh,A (2437)-Nijboer,F (2559) Netherlands 2009}) 15. Ba3 (15. Qd2 $16) 15... Be6 $14 16. Qd3 Nd5 {[%cal Bc7d5,Bd5b6,Bb6c4][%mdl 32]} 17. e4 Nb6 {Droht ...Lc4 und aus.} 18. Rbc1 Bc4 19. Rxc4 fxe4 20. Qxe4 Nxc4 21. Bb4 (21. Bc1 $1 $11 {hält das Gleichgewicht.}) 21... a5 $17 22. Bc3 d5 23. Qh4 (23. Qe2 $17 {kämpft weiter.}) 23... Qd6 $19 24. Ng5 {[%csl Gg5][%cal Rh4h7] [#]} h6 25. Re1 $2 (25. Qh3) 25... Qa3 26. Ba1 Qb4 27. Rf1 {Falls Weiss jetzt zu Se6 käme, bestünde noch etwas Hoffnung.} Nd2 28. Rd1 Qxa4 29. Re1 Qa2 30. Qg4 (30. f4 {ist wohl besser.} Rf6 31. Qh3) 30... Ne4 31. Nxe4 dxe4 32. Qxe4 $2 (32. Qe2 {ist der einzige Weg für Weiss..} Qxe2 33. Rxe2) 32... Qxf2+ 33. Kh1 b6 34. Qxe7 (34. Re2 $142 Qf5 35. Bc3) 34... Rbc8 35. Bc6 Rf7 36. Qe4 Rcf8 37. Bc3 Qa2 {( -> ...Tf1+)} 38. Kg1 Qf2+ 39. Kh1 Qa2 (39... Rf3 $142 40. Bxa5 bxa5) 40. Kg1 $1 Qc4 41. Qe3 Rf1+ 42. Kg2 {[#]} R8f2+ $1 43. Kh3 (43. Qxf2 Rxf2+) 43... Rxe1 44. Bxe1 Re2 {Precision: Weiß = 28%, Schwarz = 60%.} (44... Qf1+ $142 45. Bg2 Qxg2+ 46. Kg4 Rf5 47. Qe8+ Kh7 48. Qh8+ Kxh8 49. Kh4 Qxh2+ 50. Kg4 h5#) 0-1

[Event "FIN-ch 2018"]
[Site "Helsinki"]
[Date "2018.06.13"]
[Round "3"]
[White "Luukkonen, Tommi"]
[Black "Keinanen, Toivo"]
[Result "1-0"]
[WhiteElo "2349"]
[BlackElo "2341"]
[Annotator "NA"]
[PlyCount "90"]
[EventDate "2018.06.13"]
[EventType "tourn"]
[EventCountry "FIN"]
[SourceTitle "playchess.com"]
[Source "ChessBase"]
[SourceQuality "1"]
[TimeControl "40/5400+30:1800+30"]

1. d4 {[%emt 0:00:00]} d5 {[%emt 0:00:37]} 2. c4 {[%emt 0:00:00]} e6 {[%emt 0:01:09]} 3. Nc3 {[%emt 0:00:00]} Be7 {[%emt 0:00:39]} 4. cxd5 {[%emt 0:00:00]} exd5 {[%emt 0:00:06]} 5. Bf4 {[%emt 0:00:00]} c6 {[%emt 0:00:57]} 6. e3 {[%emt 0:00:01]} Bf5 {[%emt 0:00:50]} 7. g4 {[%emt 0:00:06]} Be6 {[%emt 0:00:41]} 8. Qb3 {[%emt 0:00:52]} Qb6 {[%emt 0:04:56]} 9. f3 {[%emt 0:00:48]} Nd7 {[%emt 0:08:34]} 10. h4 {[%emt 0:00:42]} Ngf6 {[%emt 0:01:52]} 11. Bd3 {[%emt 0:02:53]} c5 {[%emt 0:10:13]} 12. Nge2 {[%emt 0:05:28]} O-O {[%emt 0:03:29]} 13. h5 {[%emt 0:04:50]} cxd4 {[%emt 0:07:23]} 14. Qxb6 {[%emt 0:01:10]} Nxb6 {[%emt 0:02:32]} 15. Nxd4 {[%emt 0:00:12]} Nc4 {[%emt 0:03:41]} 16. Bxc4 {[%emt 0:11:44]} dxc4 {[%emt 0:00:31]} 17. h6 {[%emt 0:00:19]} g6 {[%emt 0:04:09]} 18. Bg5 {[%emt 0:01:43]} Rfd8 {[%emt 0:05:18]} 19. O-O-O {[%emt 0:01:31]} Kf8 {[%emt 0:01:26]} 20. e4 {[%emt 0:01:47]} Nd7 {[%emt 0:01:37]} 21. Nxe6+ {[%emt 0:04:33]} fxe6 {[%emt 0:00:08]} 22. Be3 {[%emt 0:03:04]} Nc5 {[%emt 0:04:38]} 23. Kc2 {[%emt 0:03:06]} a6 {[%emt 0:02:41]} 24. f4 {[%emt 0:02:28]} Nd3 {[%emt 0:01:51]} 25. Rdf1 {[%emt 0:02:16]} Nb4+ {[%emt 0:01:31]} 26. Kb1 {[%emt 0:00:46]} Rd3 {[%emt 0:00:44]} 27. Bc1 {[%emt 0:02:35]} Kf7 {[%emt 0:01:23]} 28. f5 {[%emt 0:03:44]} gxf5 {[%emt 0:02:41]} 29. gxf5 {[%emt 0:02:05]} e5 {[%emt 0:04:11]} 30. Rhg1 {[%emt 0:02:39]} Bf8 {[%emt 0:05:12]} 31. f6 {[%emt 0:01:59]} Rd6 {[%emt 0:09:24]} 32. a3 {[%emt 0:02:34]} Nd3 {[%emt 0:01:02]} 33. Nd5 {[%emt 0:00:39]} Rdd8 {[%emt 0:06:05]} 34. Be3 {[%emt 0:07:55]} b5 {[%emt 0:00:29]} 35. Rf5 {[%emt 0:01:44]} Nf4 {[%emt 0:01:36]} 36. Bxf4 {[%emt 0:04:52]} exf4 {[%emt 0:00:05]} 37. Rxf4 {[%emt 0:00:52]} Rac8 {[%emt 0:01:19]} 38. Rg7+ {[%emt 0:05:07]} Bxg7 {[%emt 0:00:58]} 39. fxg7+ {[%emt 0:00:07]} Ke6 {[%emt 0:01:00]} 40. Rf6+ {[%emt 0:00:00]} Ke5 {[%emt 0:00:59]} 41. Rxa6 {[%emt 0:01:51]} Kxe4 {[%emt 0:03:52]} 42. Ne7 {[%emt 0:02:45]} Rd1+ {[%emt 0:05:19]} 43. Ka2 {[%emt 0:00:52]} c3 {[%emt 0:00:26]} 44. Nxc8 {[%emt 0:01:06]} cxb2 {[%emt 0:00:22]} 45. Kxb2 {[%emt 0:00:11]} Kd5 1-0

[Event "FIN-ch 2018"]
[Site "Helsinki"]
[Date "2018.06.13"]
[Round "3"]
[White "Niemi, Kalle"]
[Black "Jarvenpaa, Jari"]
[Result "1-0"]
[WhiteElo "2336"]
[BlackElo "2310"]
[Annotator "NA"]
[PlyCount "73"]
[EventDate "2018.06.13"]
[EventType "tourn"]
[EventCountry "FIN"]
[SourceTitle "playchess.com"]
[Source "ChessBase"]
[SourceQuality "1"]
[TimeControl "40/5400+30:1800+30"]

1. e4 {[%emt 0:00:00]} e5 {[%emt 0:00:36]} 2. Nf3 {[%emt 0:00:49]} d6 {[%emt 0:00:20]} 3. d4 {[%emt 0:00:58]} exd4 {[%emt 0:00:05]} 4. Nxd4 {[%emt 0:00:50]} Nf6 {[%emt 0:00:08]} 5. Nc3 {[%emt 0:01:04]} Be7 {[%emt 0:00:09]} 6. Be2 {[%emt 0:00:52]} O-O {[%emt 0:00:37]} 7. Bf4 {[%emt 0:00:39]} Re8 {[%emt 0:03:06]} 8. Qd2 {[%emt 0:00:55]} Bf8 {[%emt 0:04:35]} 9. f3 {[%emt 0:01:14]} Nc6 {[%emt 0:04:51]} 10. O-O-O {[%emt 0:02:09]} Nxd4 {[%emt 0:05:44]} 11. Qxd4 {[%emt 0:00:08]} Be6 {[%emt 0:03:07]} 12. Rhe1 {[%emt 0:01:41]} Nd7 {[%emt 0:04:28]} 13. g4 {[%emt 0:02:16]} Be7 {[%emt 0:03:11]} 14. Kb1 {[%emt 0:05:22]} Bg5 {[%emt 0:09:37]} 15. Qd2 {[%emt 0:03:33]} Bxf4 {[%emt 0:12:20]} 16. Qxf4 {[%emt 0:00:06]} Qh4 {[%emt 0:04:25]} 17. Qe3 {[%emt 0:12:44]} c6 {[%emt 0:06:24]} 18. Rg1 {[%emt 0:07:59]} d5 {[%emt 0:02:15]} 19. f4 {[%emt 0:04:16]} Nb6 {[%emt 0:06:57]} 20. e5 {[%emt 0:04:58]} Qe7 {[%emt 0:01:47]} 21. Bd3 {[%emt 0:02:57]} Qh4 {[%emt 0:04:25]} 22. Rg3 {[%emt 0:03:11]} d4 {[%emt 0:05:11]} 23. Qxd4 {[%emt 0:01:32]} Rad8 {[%emt 0:02:13]} 24. Qg1 {[%emt 0:01:13]} Nd5 {[%emt 0:01:30]} 25. Nxd5 {[%emt 0:02:03]} Bxd5 {[%emt 0:00:51]} 26. Qe3 {[%emt 0:04:30]} Qe7 {[%emt 0:01:56]} 27. Rh3 {[%emt 0:01:23]} h6 {[%emt 0:02:20]} 28. Rg1 {[%emt 0:01:31]} Qb4 {[%emt 0:02:21]} 29. g5 {[%emt 0:02:04]} hxg5 {[%emt 0:02:26]} 30. Rxg5 {[%emt 0:02:25]} Kf8 {[%emt 0:04:00]} 31. a3 {[%emt 0:02:40]} Qb6 {[%emt 0:00:29]} 32. Qg3 {[%emt 0:01:10]} Ke7 {[%emt 0:01:25]} 33. Rxg7 {[%emt 0:01:59]} Kd7 {[%emt 0:01:11]} 34. c4 {[%emt 0:01:33]} Be6 {[%emt 0:00:36]} 35. f5 {[%emt 0:00:37]} Kc8 {[%emt 0:01:45]} 36. fxe6 {[%emt 0:00:17]} fxe6 {[%emt 0:00:29]} 37. Rhh7 {[%emt 0:01:30]} 1-0